¿Cómo queda el régimen de factura electrónica para los monotributistas? (Registro nro. 13977)

Detalles MARC
000 -LEADER
fixed length control field 00364 a2200109 4500
001 - CONTROL NUMBER
control field ART_47591
005 - DATE AND TIME OF LATEST TRANSACTION
control field 20260410161648.0
008 - FIXED-LENGTH DATA ELEMENTS--GENERAL INFORMATION
fixed length control field 260409a
100 1# - MAIN ENTRY--PERSONAL NAME
Personal name Januszewski, Karina
245 10 - TITLE STATEMENT
Title ¿Cómo queda el régimen de factura electrónica para los monotributistas?
773 0# - HOST ITEM ENTRY
Title Consultor tributario
Related parts - Año 12, N° 139 (sep. 2018)
Record control number REV474

No hay ítems disponibles.